| 000 | 00333nam a22001217a 4500 | ||
|---|---|---|---|
| 005 | 20170824155514.0 | ||
| 008 | 170824b xxu||||| |||| 00| 0 eng dVD | ||
| 041 | _aeng | ||
| 245 |
_aMagic of C# with .Net Frame Work _h[electronic resource] |
||
| 260 | _bLaxhmi Publisher | ||
| 300 |
_a1 CD-ROM _eReceived along with book. |
||
| 942 | _cCD | ||
| 999 |
_c5538 _d5536 |
||